Quizzes
Events
Quiz Creation
Community
Videos
Private Events
Remove Ads
Sign In
Join for FREE
Feedback
Dark Mode
Quiz Categories
Sports
Geography
Music
Movies
Television
Just For Fun
Miscellaneous
History
Literature
Language
Science
Gaming
Entertainment
Religion
Holiday
For Kids
Quiz Lab
Recent
Popular Today
Quiz Kudos Today
Editor Picks
Curator Picks
Quizzes by...
Day
Popularity
Type
Ratings
Length
Year
Community
Subscriptions
Recent Discussions
Orange Saloon
Badges
Playlists
Quests
Create
Leaderboards
Showdown
Live 5
Trivia Bingo
Activity
Puzzle Library
Sporcle Events
Private Events
Virtual Trivia
Globe League
Become a Host
Pub Owners
SporcleCon
Opinionation
Our Games
Videos
Blog
Mobile Apps
Partnerships
Remove Ads and Go Orange
Feedback
History
US Presidents
World Leaders
Politics
Nation
Discovery
War
Decade
Year
Century
Biography
Art
History
US Presidents
World Leaders
Politics
Nation
Discovery
War
Decade
Year
Century
Biography
Art
Random Quiz
Search Sporcle
×
Quiz Lab
Quiz Lab
History
City
Type answers that appear on an image
Type answers that appear on an image
Map
Best Score? Go Orange.
Ottoman Cities, 1914 (map) Stats
Can you name the largest cities in the Ottoman Empire in 1914?
By
montypark
3m
20 Questions
1,420 Plays
1,420 Plays
1,420 Plays
Comments
Comments
Give Quiz Kudos
Give Quiz Kudos
-
- Ratings
hide this ad
Replay
Link that replays current quiz
Next Quiz
Link to next quiz in quiz playlist
You Got
0%
They Got
Avg Score
46%
Avg Friend Score
Upgrade to see
Score Distribution
Jump to the score distribution portion of the page
Score
0/20
Timer
03:00
0
Plays Today
% Correct
1. Constantinople
99.1%
6. Baghdad
91%
2. Damascus
87.8%
10. Jerusalem
86.3%
3. Smyrna
79.1%
4. Aleppo
76.9%
5. Beirut
75.3%
14. Mosul
66.9%
12. Bursa
56.7%
20. Trebizond
47.5%
% Correct
17. Antep
32%
7. Erzurum
25.6%
13. Diarbekr
24.3%
18. Mecca
23%
15. Sivas
14.2%
16. Urfa
13.6%
9. Manisa
8.5%
11. Aydin
8%
19. Bosra
5.4%
8. Afium
3.6%
Quiz Playlist
Details
Report
Send in Message
Add To Playlist
Map:
Type answers that appear on an image
Quiz Source
Last Updated: Feb 28, 2018
Quiz Scoreboard
CHALLENGE
Sign Up to Join the Scoreboard
Show All
Scores
Hide
Comments
May contain spoilers
Recently Published
Presidents Visiting Landmarks
by Hejman
History
7m
An Introduction to Baseball
by treessimontrees
Sports
5m
Movies - When Are They Set?
by FPL_Elf
Movies
5m
More to Explore
Quiz From the Vault
Featured Blog Post
Where Did the Easter Bunny Come From?
hide this ad
You Might Also Like...
Tags
City Quiz
1914
empire
largest
map
Ottoman
Ottoman Empire
Today's Top Quizzes in History
Browse History
hide this ad
Today's Top Quizzes in City
Browse City
Top Contributed Quizzes in History
1
Popular People in 1991
2
Popular People in 1981
3
Popular People in 1951
4
Popular People in 1941
5
Popular People in 1986
6
Popular People in 1976
7
Popular People in 1921
8
I Am Born On March 28th
9
Popular People in 1946
10
5-to-1: 20th Century Images of War
Explore More
Trending Topics
Anime
Crossword
Disney
NBA
Harry Potter
Marvel
Kpop
Song
NFL
The Office
WWE
Pokémon
Soccer
Country
Puzzle
hide this ad
More By:
montypark
Quiz
Plays
Rating
Category
Featured
Created
Cities of the German Empire
6,975
4.85
History
Apr 4, 2014
Counties of California (no outlines)
5,509
4.62
Geography
Dec 5, 2015
European Union Cities (1958)
2,430
4.77
History
Mar 30, 2014
Cities of Austria-Hungary
2,099
4.74
History
Apr 4, 2014
100 Largest Israeli Cities and Towns
2,064
4.75
Geography
Jun 5, 2018
Go to Creator's Profile
Score Distribution
Quiz Creator Spotlight
montypark
Follow
Send a Message
Quizzes Created
-
Created Quiz Play Count
-
More By This Creator
Popular Quizzes Today
1
Find the US States - No Outlines Minefield
2
Find the Countries of Europe - No Outlines Minefield
3
The Countries of the World
4
Find the US States
5
Popular People in 1961
6
US States
7
Risky Map Clicking: Biggest States A-Z
8
Movies - When Are They Set?
More History Quizzes
Controlling the Bahamas
Published
Trending Quizzes
Risky Map Clicking: Least Populous States A-Z
1-10 Letter G Words
1-10 Letter F Words
Risky Map Clicking: Next State Alphabetically
Risky Map Clicking: Biggest States A-Z
Recently Updated
Leaping Animals
pecheneg
Reality TV Shows (A-Z)
bhenderson79
Rickey Henderson's Hall of Fame Teammates
pecheneg
Champions League XIs: Arsenal
pecheneg
Quick Pick: Celebrities in WWE's Hall of Fame
aduchscher
A-Z Keypad Blitz II
pecheneg
Multiple Oscar Actors
pecheneg
Mystery Phrase Blitz: Oscar 'Best Actors'
pecheneg
F. Scott Fitzgerald Novels
LTH
Pick 3 Villains
ddd62291
Trending Topics
Marvel
Kpop
Disney
Anime
Crossword
Harry Potter
NBA
Country
WWE
Puzzle
Soccer
Song
Pokémon
NFL
The Office
Your Account Isn't Verified!
In order to create a playlist on Sporcle, you need to verify the email address you used during registration. Go to your
Sporcle Settings
to finish the process.
Report this User
Report this user for behavior that violates our
Community Guidelines
.
Details:
Send Report
Go to the Sporcle.com Mobile Site →
Comments